000
00314nam a22001457a 4500
008
221010b ||||| |||| 00| 0 eng d
020
_a
9780872634725
041
_a
eng
080
_a
004
082
_a
004
100
_a
20.2
101
_a
KOM
245
_a
PLASTIC INJECTION MOLDING
_c
BRYCE D
942
_2
udc
_c
BK
999
_c
58460
_d
58460